|
|
|
|
| LEADER |
00699cam a2200169 7i4500 |
| 001 |
0000022890 |
| 005 |
20090612090000.0 |
| 090 |
0 |
0 |
|a MAT 380.1
|b KOM
|
| 110 |
2 |
0 |
|a PerbadananPembangunan Perdagangan Luar Malaysia(MATRADE)
|
| 245 |
2 |
0 |
|a Kompendium aktiviti promosi perdagangan 2008.
|
| 260 |
0 |
0 |
|a Kuala Lumpur:
|b Perbadanan Pembangunan Perdagangan Luar Malaysia(MATRADE),
|c 2008.
|
| 300 |
# |
# |
|a 63 p.
|
| 650 |
0 |
0 |
|a Trade promotion activities --
|z Malaysia
|
| 651 |
0 |
0 |
|a Malaysia
|
| 999 |
|
|
|a 0000022719
|b Book
|c MATRADEs Collection
|e Business Information Centre
|
| 999 |
|
|
|a 0000022718
|b Book
|c MATRADEs Collection
|e Business Information Centre
|
| 999 |
|
|
|a 0000022717
|b Book
|c MATRADEs Collection
|e Business Information Centre
|